| 000 | 00528nam a2200205 i 4500 | ||
|---|---|---|---|
| 001 | 15202 | ||
| 003 | ES-MaACL | ||
| 005 | 20230906151021.0 | ||
| 007 | t| | ||
| 008 | 000118s1999 sp ||||1| spa d | ||
| 020 | _a84-8306-214-3 | ||
| 080 | _a821.111-31"19" | ||
| 100 | 1 |
_aNaipaul, V. S. _9180542 |
|
| 245 | 1 | 4 |
_aUna casa para el señor Biswas / _cV.S. Naipaul. |
| 250 | _a1ª ed. | ||
| 260 |
_aMadrid : _bDebate, _c1999. |
||
| 300 |
_a571 p. ; _c22 cm. |
||
| 852 |
_aES-MaACL _jL-22353 _bR.127792 |
||
| 999 |
_c15202 _d15202 |
||